00824 2200289 4500001002100000005001700021008004100038020001800079035002400097082001000121090001700131100002000148245011300168250001100281260003500292300003100327500002600358650001700384700002600401700002900427700001800456850001300474980001300487985000600500986001300506999001500519YOGYA-0209000001991820090227023033.0 ind  a979-489-213-0 0010-020900000019918 a635.9 a635.9bPal M aPALUNGKUN, Rong aMenghijaukan ruangancRong Palungkun, Yovita Hety Indriani, Yustina Erna Widyastuti; ilustrator Yoni Pribadi aCet. 1 aJakartabPenebar Swadayac1994 aviii, 129 hlmbilusc21 cm aBibliografi : 125-127 aTanaman hias aIndriani, Yovita Hity aWidyastuti, Yustina Erna aPribadi, Yoni aYOPDYOGB a29/04/06 a1 aPKL-UGMM a95P0064401